• 首页
  • 本馆介绍
  • 公告通知
  • 最新文献
  • 馆藏检索
  • 电子资源
  • 读者导购
  • 参考咨询
  • 我的图书馆
  • 登录
  • 详细信息显示
  • 放入我的书架
  • 预约/预借图书
  • 作者相关作品
  • 分类相关作品
  • 丛书相关作品
  • 出版社相关作品

书目信息

  • 表格格式
  • 工作单格式
  • 卡片格式
题名:
微波技术基础
    
 
作者: 柳维君 编
分册:  
出版信息: 成都   电子科技大学出版社  1989.11
页数: 456页
开本: 20cm
丛书名:
单 册:
中图分类: TN015
科图分类:
主题词: 微波技术--基础理论--高等学校--教材 , 微波技术
电子资源:
ISBN: 7-81016-129-6
000 00848nam0 2200277 45
001 012006042901
005 20060908152357.23
010    @a7-81016-129-6@dCNY35.00
092    @aCN@b492868
100    @a20060430e1989 em y0chiy0120 ea
101 0  @achi
102    @aCN@b510000
105    @ay z 000yy
200 1  @a微波技术基础@Awei bo ji shu ji chu@f柳维君编@Fliu wei jun bian
210    @a成都@c电子科技大学出版社@d1989.11@h2005重印
215    @a456页@d20cm
300    @a理科骨干教师拓展读物
320    @a有书目
330    @a本书主要内容:导波的一般特性;典型导波系统的场分析;微波电路理论基础;无源微波元件等。
606 0  @a微波技术@x基础理论@x高等学校@j教材
606 0  @a微波技术
690    @aTN015@v4
701  0 @a柳维君@Aliu wei jun@4编
801  0 @aCN@bLZJBOOK@c20060908
905    @aBZT@dTN015@e2
906    @dCNY35.00@n0@r1
    
    微波技术基础/柳维君编.-成都:电子科技大学出版社,1989.11(2005重印)
    456页;20cm
    理科骨干教师拓展读物
    
    ISBN 7-81016-129-6:CNY35.00
    本书主要内容:导波的一般特性;典型导波系统的场分析;微波电路理论基础;无源微波元件等。
●
相关链接 在五车中查询图书 在当当中查询图书 在豆瓣中查询图书


正题名:微波技术基础     索取号:TN015/2         预约/预借

序号 登录号 条形码 馆藏地/架位号 状态 备注
1 453678   230009773   中心书库中库/ 中库029架A面7列1层15/ [索取号:TN015/2] 在馆    
2 453679   230009774   中心书库中库/ 中库029架A面7列3层56/ [索取号:TN015/2] 在馆    
3 453680   230009775   中心书库中库/ 中库029架A面7列3层54/ [索取号:TN015/2] 在馆    
4 453681   230009776   中心书库中库/ 中库029架A面7列3层55/ [索取号:TN015/2] 在馆    
5 453682   230009777   中心书库中库/ 中库029架A面7列3层53/ [索取号:TN015/2] 在馆    
山东省滨州职业学院图书馆 欢迎您!
大连网信软件有限公司© 版权所有